1365 1582 1713 1465 1853 1708 1634 1866 1396 1288 1151 1328 1631 1245 1961 1959 1792 1023 1043 1904 1530 1002 1146 1285 1406 1903 1084 1314 1683 1863 1668 1969 1362 1964 1481 1302 1478 1174 1173 1167 1034 1137 1300 1834 1010 1627 1519 1138 1588 1287 1969 1080 1895 1071 1716 1648 1308 1870 1235 1592 1400 1925 1814 1800 1164 1471 1677 1580 1807 1639 1891 1272 1071 1808 1846 1553 1618 1164 1541 1835 1051 1839 1858 1298 1070 1186 1224 1159 1601 1602 1367 1693 1633 1417 1822 1881 1557 1601 1138 BCNSPRNW ULIB Ver.6.0+V

เปลี่ยนเป็นภาษาไทย

Change to English
 แสดงรายละเอียดบรรณานุกรม
  กลับหน้าหลัก

Brief Record : Get Marc (ISO 2709) : E-mail record : QR code < ปิดหน้าต่าง
LEADER : 00000nam 2200000uu 4500
001    13399113994
003     ULIB
008    110627s||||||||th 000 0 tha d
020    9789747503104
090    นว.^bว859ห 2550
100 0  วีสาม & bookmark
245 00 หัวใจปลายพู่กัน/^cวีสาม & bookmark
250    พิมพ์ครั้งที่ 2
260    กรุงเทพฯ :^bแจ่มใส,^c2550
300    292 หน้า
710 1  แจ่มใส
945    ^p199^l0^i021724
995    ทศพร
999 ^a ใช้งานได้ทุกระบบ
รายการนี้ยังไม่มีแท็ก
คุณยังไม่ได้ล็อกอิน คุณสามารถมีกิจกรรมร่วมกับเว็บไซต์ได้ แต่ต้องล็อกอินก่อน ::
  ล็อกอิน

รายการสื่อสารสนเทศ

ลำดับที่ ประเภท เลขเรียก/บาร์โค้ด สถานที่ สถานะ
1. นวนิยาย
นวนิยาย
นว. ว859ห 2550 ฉ.1 
  Barcode: 021724
ห้องสมุดวิทยาเขตสวรรค์ประชารักษ์
►นวนิยาย
บนชั้น
  ขอยืม

BibComment


ยังไม่เคยถูกคอมเมนท์

คอมเมนท์ทรัพยากรรายการนี้
  คอมเมนท์: หัวใจปลายพู่กัน ว..


 Copyright 2026. Bcnsprnw @Library